ბათუმის შოთა რუსთაველის სახელმწიფო უნივერსიტეტის ბიბლიოთეკა

მზია ლაური (ბიბ.ჩანაწერი № 42094)

000 -LEADER
fixed length control field 00620nam a2200229Ia 4500
001 - CONTROL NUMBER
control field 8784
003 - CONTROL NUMBER IDENTIFIER
control field GE_BSU
008 - FIXED-LENGTH DATA ELEMENTS--GENERAL INFORMATION
fixed length control field 181216s||||||||xx |||||||||||||| ||und||
040 ## - CATALOGING SOURCE
Transcribing agency GE_BSU
080 ## - UNIVERSAL DECIMAL CLASSIFICATION NUMBER
Universal Decimal Classification number 821.353.1–11
100 ## - MAIN ENTRY--PERSONAL NAME
Personal name თავაძე,სოლომონ
245 ## - TITLE STATEMENT
Title მზია ლაური
245 ## - TITLE STATEMENT
Remainder of title პოემა
245 ## - TITLE STATEMENT
Statement of responsibility, etc. რედ:შ.რადიანი
260 ## - PUBLICATION, DISTRIBUTION, ETC.
Place of publication, distribution, etc. თბილისი
260 ## - PUBLICATION, DISTRIBUTION, ETC.
Name of publisher, distributor, etc. საბლიტგამი
260 ## - PUBLICATION, DISTRIBUTION, ETC.
Date of publication, distribution, etc. 1939
300 ## - PHYSICAL DESCRIPTION
Extent 63გვ.13სმ
653 ## - INDEX TERM--UNCONTROLLED
Uncontrolled term მზია ლაური
653 ## - INDEX TERM--UNCONTROLLED
Uncontrolled term პოემა
942 ## - ADDED ENTRY ELEMENTS (KOHA)
Koha item type წიგნი
ეგზემპლარები
Withdrawn status Lost status Damaged status Not for loan Date acquired Barcode Date last seen Price effective from Koha item type
        2018-12-17 30944 2018-12-17 2018-12-17 წიგნი
        2018-12-17 30945 2018-12-17 2018-12-17 წიგნი
        2018-12-17 30946 2018-12-17 2018-12-17 წიგნი
        2018-12-17 30947 2018-12-17 2018-12-17 წიგნი
        2018-12-17 30948 2018-12-17 2018-12-17 წიგნი
        2018-12-17 30949 2018-12-17 2018-12-17 წიგნი
        2018-12-17 30950 2018-12-17 2018-12-17 წიგნი
        2018-12-17 30951 2018-12-17 2018-12-17 წიგნი
        2018-12-17 30952 2018-12-17 2018-12-17 წიგნი
        2018-12-17 30953 2018-12-17 2018-12-17 წიგნი